| 000 | 00560nam a22002297a 4500 | ||
|---|---|---|---|
| 005 | 20250219141226.0 | ||
| 008 | 220328b1989 xxu||||| |||| 00| 0 spa d | ||
| 020 | _a9977235023 | ||
| 041 | _aESP | ||
| 082 | _aR 467.972.86 G134d5 | ||
| 100 | _aGagini, Carlos | ||
| 245 | _aDiccionario de costarriqueñismos | ||
| 250 | _a5 edición | ||
| 260 | _aCosta Rica | ||
| 260 | _bEditorial Costa Rica | ||
| 260 | _c1989 | ||
| 300 | _a248 páginas | ||
| 650 | _aDICCIONARIOS | ||
| 650 | _aBARBARISMOS | ||
| 650 | _aCOSTARRIQUEÑISMOS | ||
| 942 |
_cREF _2ddc |
||
| 999 |
_c13293 _d13293 |
||